Kruschef recuerda

Kaydedildi:
Detaylı Bibliyografya
Yazar: Crankshaw, Edward (Yazar)
Materyal Türü: Kitap
Dil:İspanyolca
Baskı/Yayın Bilgisi: Madrid Prensa Española 1970
Seri Bilgileri:Biblioteca de Grandes Documentos
Konular:
Etiketler: Etiketle
Etiket eklenmemiş, İlk siz ekleyin!

MARC

LEADER 00000nam a2200000 a 4500
001 UCR4386
003 CL-VaPUC
008 980307e19700000SP |||||||||||||||||spa|d
082 0 4 |a 320.092  |b CRA  |2 21 
100 0 |a Crankshaw, Edward  |e author  |9 404406 
245 1 0 |a Kruschef recuerda 
300 |a 622 p 
942 |c BK 
945 |d 19980307 00:00:00  |a aolguin 
260 |a Madrid  |b Prensa Española  |c 1970 
600 0 7 |a KRUSCHEF, NIKITA  |2 CL-VaPUC  |9 404407 
650 0 |a Historia de Rusia  |9 343091 
650 0 |a Revolución rusa  |9 343225 
650 0 |a Comunismo  |9 255588 
650 7 |a FILOSOFIA POLITICA  |2 CL-VaPUC  |9 404408 
651 0 |a Unión Soviética  |9 256769 
583 |a last modification  |c 20160913 03:38:54  |k Rodrigo Vera 
490 0 |a Biblioteca de Grandes Documentos 
999 |c 267329  |d 267327 
952 |0 0  |1 0  |4 0  |6 320_092000000000000_CRA_1970  |7 0  |8 P  |9 299604  |a BIBDER  |b BIBDER  |d 2019-11-20  |i 1953893  |o 320.092 CRA 1970  |p 1953893  |r 2023-01-25  |w 2019-11-20  |y BK  |k DER 
952 |0 0  |1 0  |4 0  |6 320_092000000000000_CRA_1970  |7 0  |8 A  |9 299605  |a BIBHIS  |b BIBHIS  |d 2019-11-20  |i 3889904  |o 320.092 CRA 1970  |p 3889904  |r 2025-01-20  |w 2019-11-20  |y BK  |k HIS